[Event "MPJBiS 2020"]
[Site "?"]
[Date "2020.08.30"]
[Round "6.11"]
[White "Karp, Kacper"]
[Black "Grzebieniowski, Michal"]
[Result "1-0"]
[BlackElo "1472"]
[WhiteElo "1292"]
[LiveChessVersion "1.4.8"]

1. e4 {[%clk 0:03:02]} c6 {[%clk 0:03:04]} 2. d4 {[%clk 0:03:00]} d5
{[%clk 0:03:05]} 3. Nc3 {[%clk 0:03:01]} dxe4 {[%clk 0:03:07]} 4. Nxe4
{[%clk 0:03:02]} Nd7 {[%clk 0:03:08]} 5. Ng5 {[%clk 0:03:02]} Ngf6
{[%clk 0:03:09]} 6. Bd3 {[%clk 0:03:01]} e6 {[%clk 0:03:10]} 7. N1f3
{[%clk 0:03:01]} Be7 {[%clk 0:03:09]} 8. O-O {[%clk 0:02:56]} O-O
{[%clk 0:03:09]} 9. Be3 {[%clk 0:02:37]} b6 {[%clk 0:03:07]} 10. Ne4 Bb7 11. Re1
{[%clk 0:02:29]} c5 {[%clk 0:03:00]} 12. Nxf6+ {[%clk 0:02:19]} Bxf6
{[%clk 0:02:55]} 13. c3 {[%clk 0:02:11]} Qc7 {[%clk 0:02:55]} 14. dxc5
{[%clk 0:02:00]} Nxc5 {[%clk 0:02:56]} 15. Bxc5 {[%clk 0:01:58]} Qxc5
{[%clk 0:02:56]} 16. Nd2 {[%clk 0:01:40]} Rfd8 {[%clk 0:02:39]} 17. Ne4
{[%clk 0:01:33]} Qe7 {[%clk 0:01:57]} 18. Nxf6+ {[%clk 0:01:23]} Qxf6
{[%clk 0:01:57]} 19. Qc2 {[%clk 0:01:22]} h6 {[%clk 0:01:55]} 20. Rad1
{[%clk 0:01:20]} Qg5 {[%clk 0:01:44]} 21. Be4 {[%clk 0:00:58]} Bxe4
{[%clk 0:01:42]} 22. Qxe4 {[%clk 0:00:58]} Rxd1 {[%clk 0:01:35]} 23. Rxd1
{[%clk 0:00:31]} Rd8 {[%clk 0:01:32]} 24. Qf3 {[%clk 0:00:15]} Rxd1+
{[%clk 0:01:05]} 25. Qxd1 {[%clk 0:00:15]} Qe7 {[%clk 0:00:57]} 26. h3
{[%clk 0:00:11]} Qc7 {[%clk 0:00:55]} 27. Qd4 {[%clk 0:00:10]} e5
{[%clk 0:00:51]} 28. Qe4 {[%clk 0:00:08]} f6 {[%clk 0:00:49]} 29. Qd5+
{[%clk 0:00:07]} Kh8 {[%clk 0:00:50]} 30. Qa8+ {[%clk 0:00:06]} Kh7
{[%clk 0:00:51]} 31. Qe4+ {[%clk 0:00:06]} Kg8 {[%clk 0:00:50]} 32. Qd5+
{[%clk 0:00:06]} Kf8 {[%clk 0:00:44]} 33. Qe4 {[%clk 0:00:04]} Qd7
{[%clk 0:00:42]} 34. Qa8+ {[%clk 0:00:04]} Kf7 {[%clk 0:00:42]} 35. Qe4
{[%clk 0:00:05]} Qd1+ {[%clk 0:00:40]} 36. Kh2 {[%clk 0:00:05]} Qd7
{[%clk 0:00:38]} 37. Qc4+ {[%clk 0:00:06]} Kf8 {[%clk 0:00:37]} 38. Qb4+
{[%clk 0:00:07]} Kg8 {[%clk 0:00:38]} 39. Qc4+ {[%clk 0:00:08]} Kh8
{[%clk 0:00:37]} 40. Qe4 {[%clk 0:00:08]} Qe7 {[%clk 0:00:30]} 41. Qa8+
{[%clk 0:00:08]} Kh7 {[%clk 0:00:30]} 42. Qe4+ {[%clk 0:00:08]} g6
{[%clk 0:00:30]} 43. Qd3 {[%clk 0:00:05]} f5 {[%clk 0:00:29]} 44. g3
{[%clk 0:00:03]} e4 {[%clk 0:00:29]} 45. Qe3 {[%clk 0:00:04]} Qd6
{[%clk 0:00:27]} 46. Kg2 {[%clk 0:00:04]} g5 {[%clk 0:00:25]} 47. h4
{[%clk 0:00:04]} Kg6 {[%clk 0:00:21]} 48. hxg5 {[%clk 0:00:04]} hxg5
{[%clk 0:00:22]} 49. Kh2 {[%clk 0:00:04]} Qe5 {[%clk 0:00:17]} 50. Kg2
{[%clk 0:00:04]} f4 {[%clk 0:00:17]} 51. gxf4 {[%clk 0:00:04]} gxf4
{[%clk 0:00:18]} 52. Qh3 {[%clk 0:00:04]} Qg5+ {[%clk 0:00:12]} 53. Kh1
{[%clk 0:00:03]} Qf5 {[%clk 0:00:06]} 54. Qg2+ {[%clk 0:00:04]} Kf6
{[%clk 0:00:07]} 55. Qh2 {[%clk 0:00:04]} e3 {[%clk 0:00:06]} 56. fxe3
{[%clk 0:00:05]} fxe3 {[%clk 0:00:08]} 57. Qd6+ {[%clk 0:00:05]} Kg5
{[%clk 0:00:08]} 58. Qg3+ {[%clk 0:00:06]} Kg6 {[%clk 0:00:08]} 59. Qxe3
{[%clk 0:00:06]} Qh5+ {[%clk 0:00:03]} 60. Kg1 {[%clk 0:00:07]} Qd1+
{[%clk 0:00:04]} 61. Kh2 {[%clk 0:00:06]} Qh5+ {[%clk 0:00:04]} 62. Qh3
{[%clk 0:00:06]} Qe2+ {[%clk 0:00:03]} 63. Qg2+ {[%clk 0:00:07]} Qxg2+
{[%clk 0:00:05]} 64. Kxg2 Kf5 65. Kf3 {[%clk 0:00:08]} Ke5 {[%clk 0:00:08]} 66.
Ke3 Kd5 67. Kd3 {[%clk 0:00:10]} a5 {[%clk 0:00:11]} 68. b3 {[%clk 0:00:09]} Kc5
{[%clk 0:00:11]} 69. a3 {[%clk 0:00:10]} Kd5 {[%clk 0:00:10]} 70. a4
{[%clk 0:00:11]} Kc5 {[%clk 0:00:11]} 71. Ke4 {[%clk 0:00:12]} b5
{[%clk 0:00:10]} 72. axb5 {[%clk 0:00:08]} Kxb5 {[%clk 0:00:12]} 73. Kd5
{[%clk 0:00:05]} Kb6 {[%clk 0:00:12]} 74. Kc4 {[%clk 0:00:06]} Kc6
{[%clk 0:00:13]} 75. Kd4 {[%clk 0:00:04]} Kb6 {[%clk 0:00:13]} 76. c4
{[%clk 0:00:04]} Kc6 {[%clk 0:00:13]} 77. c5 {[%clk 0:00:04]} Kc7
{[%clk 0:00:13]} 78. Kd5 {[%clk 0:00:05]} Kd7 {[%clk 0:00:14]} 79. c6+ Kc7 80.
Kc5 {[%clk 0:00:07]} Kc8 {[%clk 0:00:13]} 81. Kb6 {[%clk 0:00:08]} Kb8
{[%clk 0:00:15]} 82. Kxa5 Kc7 {[%clk 0:00:00]} 83. Kb5 {[%clk 0:00:10]} 1-0

[Event "MPJBiS 2020"]
[Site "?"]
[Date "2020.08.30"]
[Round "7.1"]
[White "Nawalaniec, Adam"]
[Black "Raczek, Krzysztof"]
[Result "0-1"]
[BlackElo "1720"]
[WhiteElo "1444"]
[LiveChessVersion "1.4.8"]

1. e4 c6 2. d4 d5 3. exd5 cxd5 4. c4 Nf6 5. Nc3 e6 6. Nf3 Bb4 7. Be3 Nc6 8. Be2
O-O 9. O-O b6 10. a3 Be7 11. b4 dxc4 12. Bxc4 Bb7 13. Rc1 Rc8 14. Qe2 Bd6 15. Bg5
h6 16. Bh4 Be7 17. Rcd1 Qd7 18. d5 Nxd5 19. Bxd5 Bxh4 20. Bxe6 Qxe6 21. Nxh4 Qf6
22. Qc4 Nb8 23. Qd4 Qxd4 24. Rxd4 Rxc3 25. Rfd1 Rxa3 26. Nf5 Nc6 27. Rg4 g6 28.
h4 Ne5 29. Ne7+ Kh7 0-1

[Event "MPJBiS 2020"]
[Site "?"]
[Date "2020.08.30"]
[Round "7.2"]
[White "Seemann, Jakub"]
[Black "Bochniak, Franciszek"]
[Result "0-1"]
[BlackElo "1485"]
[WhiteElo "1811"]
[LiveChessVersion "1.4.8"]

1. e4 {[%clk 0:03:03]} c5 {[%clk 0:03:03]} 2. Nf3 {[%clk 0:03:03]} d6
{[%clk 0:03:04]} 3. d4 {[%clk 0:03:04]} cxd4 {[%clk 0:03:06]} 4. Nxd4
{[%clk 0:03:05]} Nf6 {[%clk 0:03:07]} 5. Nc3 {[%clk 0:03:07]} a6 {[%clk 0:03:08]}
6. Bg5 {[%clk 0:03:08]} e6 {[%clk 0:03:09]} 7. f4 {[%clk 0:03:09]} Be7
{[%clk 0:03:11]} 8. Qf3 {[%clk 0:03:10]} Nbd7 {[%clk 0:03:11]} 9. O-O-O
{[%clk 0:03:08]} Qc7 {[%clk 0:03:12]} 10. Bd3 {[%clk 0:02:55]} O-O
{[%clk 0:03:08]} 11. Kb1 {[%clk 0:02:55]} Nc5 {[%clk 0:02:24]} 12. g4
{[%clk 0:02:49]} b5 {[%clk 0:02:07]} 13. Nce2 {[%clk 0:02:25]} Bb7
{[%clk 0:02:06]} 14. Bxf6 {[%clk 0:02:24]} Bxf6 {[%clk 0:02:02]} 15. g5
{[%clk 0:02:25]} Bxd4 16. Nxd4 {[%clk 0:02:26]} Rac8 {[%clk 0:01:48]} 17. h4
{[%clk 0:02:21]} Nxd3 {[%clk 0:01:40]} 18. cxd3 {[%clk 0:02:12]} Qc5
{[%clk 0:01:34]} 19. Nb3 {[%clk 0:02:06]} Qb4 {[%clk 0:01:19]} 20. h5
{[%clk 0:01:58]} a5 {[%clk 0:01:09]} 21. g6 {[%clk 0:01:59]} fxg6
{[%clk 0:01:01]} 22. hxg6 {[%clk 0:02:00]} h6 {[%clk 0:01:02]} 23. Nc1
{[%clk 0:01:30]} a4 {[%clk 0:00:35]} 24. a3 {[%clk 0:01:31]} Qc5 {[%clk 0:00:36]}
25. Na2 {[%clk 0:01:32]} d5 {[%clk 0:00:28]} 26. Qh3 {[%clk 0:01:14]} Rce8
{[%clk 0:00:15]} 27. e5 {[%clk 0:01:13]} Rxf4 {[%clk 0:00:13]} 28. Qg3
{[%clk 0:00:50]} Qf2 {[%clk 0:00:13]} 29. Qh3 {[%clk 0:00:42]} Qe2
{[%clk 0:00:10]} 30. d4 {[%clk 0:00:32]} Rf2 {[%clk 0:00:11]} 31. Qc3
{[%clk 0:00:16]} Rc8 {[%clk 0:00:12]} 32. Rhe1 {[%clk 0:00:18]} Qf3
{[%clk 0:00:08]} 33. Qxf3 {[%clk 0:00:05]} Rxf3 {[%clk 0:00:09]} 34. Nc3
{[%clk 0:00:06]} Bc6 {[%clk 0:00:10]} 35. Rf1 {[%clk 0:00:07]} Rxf1
{[%clk 0:00:10]} 36. Rxf1 {[%clk 0:00:08]} Be8 {[%clk 0:00:11]} 37. Rf3
{[%clk 0:00:05]} Bxg6+ 38. Ka2 {[%clk 0:00:06]} Be8 {[%clk 0:00:13]} 39. Rg3
{[%clk 0:00:06]} g5 {[%clk 0:00:14]} 40. Nd1 {[%clk 0:00:06]} Kg7
{[%clk 0:00:15]} 41. Nf2 {[%clk 0:00:07]} Kg6 {[%clk 0:00:16]} 42. Nd3
{[%clk 0:00:07]} Kf5 {[%clk 0:00:16]} 43. Nc5 {[%clk 0:00:07]} h5
{[%clk 0:00:15]} 44. Rf3+ {[%clk 0:00:09]} Kg4 {[%clk 0:00:13]} 45. Rf8
{[%clk 0:00:08]} h4 {[%clk 0:00:13]} 46. Nxe6 {[%clk 0:00:07]} h3
{[%clk 0:00:14]} 47. Rg8 {[%clk 0:00:07]} Bf7 {[%clk 0:00:11]} 48. Rxc8
{[%clk 0:00:05]} Bxe6 {[%clk 0:00:12]} 49. Rc1 {[%clk 0:00:05]} Kg3
{[%clk 0:00:13]} 50. Rf1 {[%clk 0:00:05]} Kg2 {[%clk 0:00:12]} 51. Rf6
{[%clk 0:00:06]} h2 {[%clk 0:00:13]} 52. Rxe6 {[%clk 0:00:05]} h1=Q
{[%clk 0:00:15]} 53. Rg6 {[%clk 0:00:05]} Qh5 {[%clk 0:00:15]} 54. Rb6
{[%clk 0:00:06]} Qg4 {[%clk 0:00:15]} 55. Rxb5 {[%clk 0:00:05]} Qxd4
{[%clk 0:00:14]} 56. Rb4 {[%clk 0:00:06]} Qxe5 {[%clk 0:00:17]} 57. Rxa4
{[%clk 0:00:06]} d4 58. Rc4 {[%clk 0:00:06]} Qd5 {[%clk 0:00:20]} 59. b3
{[%clk 0:00:06]} d3 {[%clk 0:00:21]} 60. Rc1 {[%clk 0:00:05]} d2 {[%clk 0:00:22]}
61. Rc2 {[%clk 0:00:07]} Qd3 {[%clk 0:00:23]} 62. Rb2 {[%clk 0:00:08]} Qc3
{[%clk 0:00:23]} 63. a4 {[%clk 0:00:09]} Qxb2+ {[%clk 0:00:24]} 0-1

[Event "MPJBiS 2020"]
[Site "?"]
[Date "2020.08.30"]
[Round "7.3"]
[White "Warchol, Kamil"]
[Black "Rosa, Antoni"]
[Result "1-0"]
[BlackElo "1445"]
[WhiteElo "1690"]
[LiveChessVersion "1.4.8"]

1. e4 {[%clk 0:03:03]} e6 {[%clk 0:03:02]} 2. d4 {[%clk 0:03:04]} d5
{[%clk 0:03:03]} 3. Nd2 {[%clk 0:03:05]} c5 {[%clk 0:03:03]} 4. exd5
{[%clk 0:03:01]} Qxd5 {[%clk 0:03:03]} 5. dxc5 {[%clk 0:03:02]} Bxc5
{[%clk 0:03:02]} 6. Ngf3 {[%clk 0:03:03]} Nf6 {[%clk 0:03:00]} 7. Bd3
{[%clk 0:03:04]} O-O {[%clk 0:02:57]} 8. Qe2 {[%clk 0:03:04]} Nc6
{[%clk 0:02:53]} 9. O-O {[%clk 0:02:49]} Nd4 {[%clk 0:02:44]} 10. Nxd4
{[%clk 0:02:45]} Bxd4 {[%clk 0:02:39]} 11. Nf3 {[%clk 0:02:44]} Bb6
{[%clk 0:02:24]} 12. b3 {[%clk 0:02:42]} Bd7 {[%clk 0:02:09]} 13. Bb2
{[%clk 0:02:39]} Bc6 {[%clk 0:02:10]} 14. Rad1 {[%clk 0:02:17]} Ne4
{[%clk 0:01:53]} 15. c4 {[%clk 0:02:02]} Qa5 {[%clk 0:01:30]} 16. Bxe4
{[%clk 0:02:02]} Bxe4 {[%clk 0:01:29]} 17. Qxe4 {[%clk 0:02:01]} Qxa2
{[%clk 0:01:27]} 18. Qe5 {[%clk 0:01:55]} f6 {[%clk 0:01:20]} 19. Qc3
{[%clk 0:01:49]} Qa5 {[%clk 0:01:06]} 20. Qxa5 {[%clk 0:01:49]} Bxa5
{[%clk 0:01:08]} 21. Rd7 {[%clk 0:01:50]} b6 {[%clk 0:00:52]} 22. Ba3
{[%clk 0:01:41]} Rfd8 {[%clk 0:00:51]} 23. Rxd8+ Rxd8 {[%clk 0:00:52]} 24. b4
{[%clk 0:01:35]} Rd3 {[%clk 0:00:50]} 25. Ra1 {[%clk 0:01:36]} b5
{[%clk 0:00:40]} 26. bxa5 {[%clk 0:01:29]} bxc4 {[%clk 0:00:40]} 27. Kf1
{[%clk 0:01:28]} c3 {[%clk 0:00:38]} 28. Ke2 {[%clk 0:01:26]} Rd5
{[%clk 0:00:37]} 29. Bb4 {[%clk 0:01:23]} c2 {[%clk 0:00:33]} 30. Rc1
{[%clk 0:01:22]} Rb5 {[%clk 0:00:31]} 31. Bd2 {[%clk 0:01:20]} Rc5
{[%clk 0:00:27]} 32. Nd4 {[%clk 0:01:20]} Re5+ {[%clk 0:00:26]} 33. Kd3
{[%clk 0:01:17]} Rd5 {[%clk 0:00:27]} 34. Rxc2 {[%clk 0:00:50]} e5
{[%clk 0:00:24]} 35. Rc4 {[%clk 0:00:50]} exd4 {[%clk 0:00:21]} 36. Rxd4
{[%clk 0:00:51]} Rb5 {[%clk 0:00:18]} 37. Rd8+ {[%clk 0:00:52]} Kf7
{[%clk 0:00:19]} 38. Rd7+ {[%clk 0:00:53]} Kg6 {[%clk 0:00:20]} 39. Rxa7
{[%clk 0:00:54]} Rb3+ {[%clk 0:00:20]} 40. Ke2 {[%clk 0:00:56]} Rb2
{[%clk 0:00:19]} 41. a6 {[%clk 0:00:55]} Ra2 {[%clk 0:00:18]} 42. Ra8
{[%clk 0:00:56]} Kf5 {[%clk 0:00:15]} 43. a7 {[%clk 0:00:55]} g6 {[%clk 0:00:13]}
44. Kf3 {[%clk 0:00:47]} Rxd2 {[%clk 0:00:07]} 45. Rb8 {[%clk 0:00:47]} Rd3+
{[%clk 0:00:08]} 46. Ke2 {[%clk 0:00:48]} Ra3 {[%clk 0:00:09]} 47. a8=Q
{[%clk 0:00:48]} Rxa8 {[%clk 0:00:09]} 48. Rxa8 {[%clk 0:00:49]} Kg5
{[%clk 0:00:10]} 49. Ra5+ {[%clk 0:00:49]} f5 {[%clk 0:00:11]} 50. Kf3
{[%clk 0:00:49]} h5 {[%clk 0:00:12]} 51. h3 {[%clk 0:00:50]} Kh6 {[%clk 0:00:11]}
52. g4 {[%clk 0:00:51]} Kg5 {[%clk 0:00:12]} 53. gxf5 {[%clk 0:00:50]} Kh4
{[%clk 0:00:13]} 54. fxg6 {[%clk 0:00:48]} Kxh3 {[%clk 0:00:12]} 55. Rxh5#
{[%clk 0:00:49]} 1-0

[Event "MPJBiS 2020"]
[Site "?"]
[Date "2020.08.30"]
[Round "7.4"]
[White "Musial, Igor"]
[Black "Dobosiewicz, Dawid"]
[Result "1/2-1/2"]
[BlackElo "1469"]
[WhiteElo "1758"]
[LiveChessVersion "1.4.8"]

1. e4 {[%clk 0:03:03]} c5 2. Nc3 Nc6 3. f4 e6 {[%clk 0:03:06]} 4. Bb5
{[%clk 0:02:54]} Nd4 {[%clk 0:03:06]} 5. Bc4 {[%clk 0:02:46]} a6 {[%clk 0:03:01]}
6. a4 {[%clk 0:02:47]} Ne7 {[%clk 0:02:58]} 7. Nf3 {[%clk 0:02:40]} g6
{[%clk 0:02:54]} 8. d3 {[%clk 0:02:33]} Bg7 {[%clk 0:02:54]} 9. Nxd4
{[%clk 0:02:28]} cxd4 {[%clk 0:02:55]} 10. Ne2 {[%clk 0:02:29]} d5
{[%clk 0:02:56]} 11. Bb3 {[%clk 0:02:22]} h5 {[%clk 0:02:49]} 12. e5
{[%clk 0:02:19]} Qb6 {[%clk 0:02:36]} 13. a5 {[%clk 0:02:14]} Qc5
{[%clk 0:02:36]} 14. c3 {[%clk 0:02:04]} dxc3 {[%clk 0:02:36]} 15. bxc3
{[%clk 0:02:04]} Bd7 {[%clk 0:02:34]} 16. Ba3 {[%clk 0:01:41]} Qc7
{[%clk 0:02:35]} 17. Bxe7 {[%clk 0:01:24]} Kxe7 {[%clk 0:02:35]} 18. Qc1
{[%clk 0:01:23]} Rhc8 {[%clk 0:02:29]} 19. d4 {[%clk 0:01:03]} Bf8
{[%clk 0:02:13]} 20. Ba4 {[%clk 0:00:48]} Bb5 {[%clk 0:02:02]} 21. Bxb5
{[%clk 0:00:28]} axb5 {[%clk 0:02:03]} 22. Qb2 {[%clk 0:00:30]} Qc4
{[%clk 0:01:55]} 23. O-O {[%clk 0:00:20]} f6 {[%clk 0:01:45]} 24. Rfb1
{[%clk 0:00:20]} Qd3 {[%clk 0:01:12]} 25. Qb4+ {[%clk 0:00:14]} Kf7
{[%clk 0:01:11]} 26. Qxb5 {[%clk 0:00:15]} Qe3+ {[%clk 0:01:11]} 27. Kh1
{[%clk 0:00:15]} Rc7 {[%clk 0:01:04]} 28. a6 {[%clk 0:00:11]} bxa6
{[%clk 0:01:04]} 29. Rxa6 Rxa6 30. Qxa6 {[%clk 0:00:13]} Qe4 {[%clk 0:00:50]} 31.
Rg1 {[%clk 0:00:10]} f5 {[%clk 0:00:45]} 32. Ng3 {[%clk 0:00:05]} Qe3
{[%clk 0:00:44]} 33. Qb6 {[%clk 0:00:04]} Qxc3 {[%clk 0:00:44]} 34. Rb1
{[%clk 0:00:05]} Be7 {[%clk 0:00:36]} 35. h3 {[%clk 0:00:06]} Rd7
{[%clk 0:00:21]} 36. Kh2 {[%clk 0:00:06]} h4 {[%clk 0:00:17]} 37. Ne2
{[%clk 0:00:07]} Qd3 {[%clk 0:00:18]} 38. Rb2 {[%clk 0:00:08]} Rd8 1/2-1/2

[Event "MPJBiS 2020"]
[Site "?"]
[Date "2020.08.30"]
[Round "7.5"]
[White "Krawczyk, Flawian"]
[Black "Komendecki, Antoni"]
[Result "1-0"]
[BlackElo "1366"]
[WhiteElo "1639"]
[LiveChessVersion "1.4.8"]

1. e4 c5 2. Nf3 g6 3. d4 cxd4 4. Nxd4 Bg7 5. c4 Nc6 6. Be3 Nf6 7. Nc3 d6 8. f3
Nxd4 9. Bxd4 O-O 10. Be2 Bd7 11. O-O a5 12. b3 Bc6 13. Qd2 Nd7 14. Rfd1 Bxd4+ 15.
Qxd4 Qb6 16. Qxb6 Nxb6 17. Rac1 Rac8 18. a3 Bd7 19. Kf2 a4 20. b4 Be6 21. Nd5
Bxd5 22. cxd5 Kg7 23. Ke3 Kf6 24. Bb5 g5 25. g3 h5 26. f4 gxf4+ 27. gxf4 Rg8 28.
Rxc8 Rxc8 29. Kd4 Rc2 30. e5+ Kg7 31. h4 Rh2 32. exd6 exd6 33. Ke4 Rxh4 34. Rc1
Rh3 35. Rc7 Rxa3 36. Rxb7 Nc8 37. Be8 Rb3 38. Bxf7 Kf6 39. Be6 Ne7 40. Rb8 h4 41.
Rf8+ Kg6 42. f5+ Kg5 43. f6 Ng6 44. Rg8 Rxb4+ 45. Kd3 Rb7 46. f7 Rxf7 47. Bxf7
Kf6 48. Rxg6+ Kxf7 49. Rh6 a3 50. Rxh4 Kf6 51. Ra4 Ke5 52. Kc4 a2 53. Rxa2 1-0

[Event "MPJBiS 2020"]
[Site "?"]
[Date "2020.08.30"]
[Round "7.6"]
[White "Wierzbicki, Dawid"]
[Black "Karp, Kacper"]
[Result "1-0"]
[BlackElo "1292"]
[WhiteElo "1550"]
[LiveChessVersion "1.4.8"]

1. e4 {[%clk 0:03:03]} c5 {[%clk 0:03:03]} 2. c3 {[%clk 0:03:04]} d5
{[%clk 0:03:02]} 3. exd5 {[%clk 0:02:58]} Qxd5 {[%clk 0:03:02]} 4. d4
{[%clk 0:02:58]} Nc6 {[%clk 0:02:59]} 5. Nf3 {[%clk 0:02:58]} Nf6
{[%clk 0:02:59]} 6. Be2 {[%clk 0:02:55]} e6 {[%clk 0:02:57]} 7. O-O
{[%clk 0:02:53]} cxd4 {[%clk 0:02:49]} 8. cxd4 {[%clk 0:02:54]} Be7
{[%clk 0:02:44]} 9. Nc3 {[%clk 0:02:55]} Qd8 {[%clk 0:02:45]} 10. Bf4
{[%clk 0:02:49]} a6 {[%clk 0:02:38]} 11. Re1 {[%clk 0:02:32]} O-O
{[%clk 0:02:37]} 12. Be3 {[%clk 0:02:19]} Nb4 {[%clk 0:02:25]} 13. a3
{[%clk 0:02:16]} Nbd5 {[%clk 0:02:26]} 14. Nxd5 {[%clk 0:02:13]} Nxd5
{[%clk 0:02:24]} 15. Rc1 {[%clk 0:02:06]} b6 {[%clk 0:02:11]} 16. Ne5
{[%clk 0:02:05]} Bb7 {[%clk 0:02:07]} 17. Bf3 {[%clk 0:02:04]} Nxe3
{[%clk 0:02:02]} 18. fxe3 {[%clk 0:02:05]} Bxf3 {[%clk 0:01:55]} 19. Qxf3
{[%clk 0:02:04]} Rc8 {[%clk 0:01:46]} 20. Rc6 {[%clk 0:01:55]} Bf6
{[%clk 0:01:31]} 21. Ng4 {[%clk 0:01:41]} Bg5 {[%clk 0:01:14]} 22. Rec1
{[%clk 0:01:36]} Rxc6 {[%clk 0:00:57]} 23. Rxc6 {[%clk 0:01:35]} Qa8
{[%clk 0:00:28]} 24. Kf2 {[%clk 0:00:59]} b5 {[%clk 0:00:26]} 25. Ne5
{[%clk 0:00:56]} Bf6 {[%clk 0:00:20]} 26. Nd7 {[%clk 0:00:52]} Rc8
{[%clk 0:00:12]} 27. Nxf6+ {[%clk 0:00:37]} gxf6 {[%clk 0:00:12]} 28. Rxc8+
{[%clk 0:00:30]} Qxc8 {[%clk 0:00:13]} 29. Qxf6 {[%clk 0:00:29]} Qc2+
{[%clk 0:00:13]} 30. Kf3 {[%clk 0:00:30]} Qxb2 {[%clk 0:00:13]} 31. Qd8+
{[%clk 0:00:30]} Kg7 {[%clk 0:00:12]} 32. Qg5+ {[%clk 0:00:29]} Kf8
{[%clk 0:00:06]} 33. Qc5+ {[%clk 0:00:30]} Kg8 {[%clk 0:00:06]} 34. Qc8+
{[%clk 0:00:29]} Kg7 {[%clk 0:00:06]} 35. Qxa6 {[%clk 0:00:30]} Qb3
{[%clk 0:00:05]} 36. Qd6 {[%clk 0:00:28]} Qc4 {[%clk 0:00:04]} 37. Qe5+
{[%clk 0:00:28]} Kg8 {[%clk 0:00:03]} 38. Qg5+ {[%clk 0:00:27]} Kf8
{[%clk 0:00:03]} 39. Qh6+ {[%clk 0:00:25]} Kg8 {[%clk 0:00:04]} 40. Qf6
{[%clk 0:00:26]} Qd5+ {[%clk 0:00:05]} 41. Kg3 {[%clk 0:00:26]} Qd6+
{[%clk 0:00:05]} 42. Qe5 {[%clk 0:00:26]} Qxa3 {[%clk 0:00:06]} 43. Qxb5
{[%clk 0:00:26]} Qd6+ {[%clk 0:00:06]} 44. Kf2 {[%clk 0:00:26]} Qe7
{[%clk 0:00:06]} 45. Qb8+ {[%clk 0:00:26]} Kg7 {[%clk 0:00:07]} 46. Qe5+
{[%clk 0:00:27]} f6 {[%clk 0:00:07]} 47. Qg3+ {[%clk 0:00:28]} Kf7
{[%clk 0:00:07]} 48. Qf3 {[%clk 0:00:29]} Qa3 {[%clk 0:00:07]} 49. Qh5+
{[%clk 0:00:30]} Kg7 {[%clk 0:00:08]} 50. Kf3 {[%clk 0:00:30]} Qa8+
{[%clk 0:00:09]} 51. Kf2 {[%clk 0:00:28]} Qa2+ {[%clk 0:00:09]} 52. Kg3
{[%clk 0:00:27]} Qa3 {[%clk 0:00:08]} 53. Qg4+ {[%clk 0:00:28]} Kf7
{[%clk 0:00:09]} 54. Qe4 {[%clk 0:00:28]} Qc1 {[%clk 0:00:06]} 55. Qxh7+
{[%clk 0:00:29]} Ke8 {[%clk 0:00:07]} 56. Qg8+ {[%clk 0:00:30]} Kd7
{[%clk 0:00:08]} 57. Qf7+ {[%clk 0:00:31]} Kd6 {[%clk 0:00:09]} 58. Qf8+
{[%clk 0:00:32]} Kd5 {[%clk 0:00:09]} 59. Qc5+ {[%clk 0:00:32]} Qxc5
{[%clk 0:00:08]} 60. dxc5 {[%clk 0:00:33]} Kxc5 {[%clk 0:00:09]} 61. h4
{[%clk 0:00:33]} Kd6 {[%clk 0:00:10]} 62. Kg4 {[%clk 0:00:34]} Ke7
{[%clk 0:00:10]} 63. Kh5 {[%clk 0:00:35]} Kf7 {[%clk 0:00:11]} 64. g4
{[%clk 0:00:35]} e5 {[%clk 0:00:10]} 65. Kh6 {[%clk 0:00:33]} e4 {[%clk 0:00:09]}
66. h5 {[%clk 0:00:33]} Kf8 {[%clk 0:00:04]} 67. Kg6 {[%clk 0:00:34]} Ke7
{[%clk 0:00:04]} 68. h6 {[%clk 0:00:35]} Kf8 {[%clk 0:00:05]} 69. h7 1-0

[Event "MPJBiS 2020"]
[Site "?"]
[Date "2020.08.30"]
[Round "7.7"]
[White "Zieba, Hubert"]
[Black "Skrzypinski, Jan"]
[Result "1-0"]
[BlackElo "1540"]
[WhiteElo "1466"]
[LiveChessVersion "1.4.8"]

1. c4 Nf6 2. Nf3 b6 3. g3 Bb7 4. Bg2 e6 5. O-O Nc6 6. Nc3 Be7 7. b3 d5 8. cxd5
Nxd5 9. Bb2 Bf6 10. Rb1 Nxc3 11. Bxc3 Bxc3 12. dxc3 Qxd1 13. Rbxd1 Rd8 14. Rxd8+
Nxd8 15. Rd1 Ke7 16. Ne5 Bxg2 17. Kxg2 Kf6 18. f4 Nb7 19. Rd7 Nd6 20. Rxc7 Rc8
21. Rxa7 Rxc3 22. Rd7 Rc2 23. Rxd6 Rxe2+ 24. Kg1 Rxa2 25. Rxb6 Ra1+ 26. Kg2 Ra2+
27. Kh3 g5 28. Rb7 gxf4 29. gxf4 Kf5 30. Rxf7+ Ke4 31. Rxh7 Kxf4 32. Nc4 Rc2 33.
Rf7+ Ke4 34. Rb7 Rc3+ 35. Kg2 Rc2+ 36. Kg3 Rc3+ 37. Kg4 Rc2 38. h4 Rg2+ 39. Kh3
Rg1 40. h5 Kf5 41. Rf7+ Ke4 42. Rf6 Rh1+ 43. Kg4 Rg1+ 44. Kh4 Kd5 45. Rf3 Rh1+
46. Rh3 Rg1 47. h6 Rg6 48. Kh5 Rg8 49. h7 Rb8 50. Kg6 e5 51. h8=Q Rxh8 52. Rxh8
e4 53. Re8 Kd4 54. Kf5 Kc3 55. Rxe4 Kxb3 56. Nd6 Kc3 57. Ke5 Kd3 58. Kd5 Kc3 59.
Kc5 Kd3 60. Re5 Kc3 61. Re3+ Kc2 62. Kc4 Kd2 63. Nf5 Kc2 64. Re2+ Kc1 65. Kd3 Kd1
66. Nd4 Kc1 67. Kc3 Kb1 68. Kb3 Kc1 69. Rh2 Kd1 70. Kc3 Ke1 71. Kd3 Kf1 72. Ke3
Kg1 73. Ra2 Kf1 74. Rb2 Kg1 75. Kf3 Kh1 76. Kg3 Kg1 77. Rb1# 1-0

[Event "MPJBiS 2020"]
[Site "?"]
[Date "2020.08.30"]
[Round "7.8"]
[White "Sniadecki, Oskar"]
[Black "Bartodziej, Bartosz"]
[Result "0-1"]
[BlackElo "1465"]
[WhiteElo "1423"]
[LiveChessVersion "1.4.8"]

1. d4 {[%clk 0:03:03]} Nf6 {[%clk 0:03:03]} 2. Bg5 {[%clk 0:03:04]} Ne4
{[%clk 0:03:03]} 3. Bf4 {[%clk 0:03:05]} d5 {[%clk 0:03:04]} 4. e3
{[%clk 0:03:06]} g6 {[%clk 0:03:02]} 5. Nd2 {[%clk 0:03:07]} Nxd2
{[%clk 0:03:00]} 6. Qxd2 {[%clk 0:03:07]} Bg7 {[%clk 0:02:59]} 7. Nf3
{[%clk 0:03:07]} O-O {[%clk 0:02:59]} 8. Bd3 {[%clk 0:03:02]} c5 {[%clk 0:02:46]}
9. c3 {[%clk 0:03:03]} cxd4 {[%clk 0:02:45]} 10. exd4 {[%clk 0:03:02]} Nc6
{[%clk 0:02:46]} 11. O-O {[%clk 0:03:00]} b6 {[%clk 0:02:28]} 12. Rfe1
{[%clk 0:02:56]} Bb7 {[%clk 0:02:27]} 13. Ne5 {[%clk 0:02:51]} Nxe5
{[%clk 0:02:25]} 14. Bxe5 {[%clk 0:02:52]} Qd7 {[%clk 0:02:20]} 15. Bxg7
{[%clk 0:02:39]} Kxg7 {[%clk 0:02:20]} 16. Re2 {[%clk 0:02:28]} e6
{[%clk 0:02:15]} 17. a4 {[%clk 0:02:24]} a5 {[%clk 0:02:02]} 18. Bb5
{[%clk 0:02:25]} Qc8 {[%clk 0:01:56]} 19. Ree1 {[%clk 0:02:13]} Ba6
{[%clk 0:01:56]} 20. Qd3 {[%clk 0:02:11]} Bxb5 {[%clk 0:01:48]} 21. Qxb5
{[%clk 0:02:11]} Qa6 {[%clk 0:01:47]} 22. Qb3 {[%clk 0:02:08]} Rfc8
{[%clk 0:01:45]} 23. Rac1 {[%clk 0:01:58]} Rc4 {[%clk 0:01:45]} 24. Qa2
{[%clk 0:01:54]} Rac8 {[%clk 0:01:37]} 25. Qa1 {[%clk 0:01:50]} b5
{[%clk 0:01:18]} 26. b3 {[%clk 0:01:43]} R4c7 {[%clk 0:01:11]} 27. Rc2
{[%clk 0:01:30]} b4 {[%clk 0:00:51]} 28. Rec1 {[%clk 0:01:30]} Qd3
{[%clk 0:00:47]} 29. c4 dxc4 {[%clk 0:00:36]} 30. bxc4 {[%clk 0:00:53]} Rxc4
{[%clk 0:00:32]} 31. Rxc4 {[%clk 0:00:47]} Rxc4 {[%clk 0:00:31]} 32. Rxc4
{[%clk 0:00:48]} Qxc4 {[%clk 0:00:30]} 33. d5+ {[%clk 0:00:48]} Qc3
{[%clk 0:00:20]} 34. Qd1 {[%clk 0:00:26]} exd5 {[%clk 0:00:19]} 35. h3
{[%clk 0:00:27]} d4 {[%clk 0:00:20]} 36. Qe2 {[%clk 0:00:28]} d3 {[%clk 0:00:20]}
37. Qd1 {[%clk 0:00:19]} d2 {[%clk 0:00:20]} 38. Kh2 {[%clk 0:00:19]} Qc7+
{[%clk 0:00:13]} 39. g3 {[%clk 0:00:18]} Qc1 {[%clk 0:00:13]} 40. Qf3
{[%clk 0:00:06]} 0-1